000 00600nam a2200253Ia 4500
001 Z_4252
003 CHAP
008 220113s2000 xx 000 0 und d
010 _a167315
040 _cCHAP
082 _a574.19203 D5 1995
245 _aDiccionario enciclopédico de bioquímica /
_c
260 _aMéxico, D.F. :
_bContinental,
_c2000
300 _a568 p.
503 _aC/E
650 _aBioquímica
_xDiccionarios
_912854
700 _aAngenault, Jacques
_95791
901 _a574.19203 D5 1995
902 _aM
910 _a2000
942 _c1
942 _cc1
999 _c167315
_d167315